| 000 | 00521nam a22001697a 4500 | ||
|---|---|---|---|
| 003 | 1 | ||
| 005 | 20220425103144.0 | ||
| 008 | 220425b xxu||||| |||| 00| 0 eng d | ||
| 020 | _a978-621-04-0387 | ||
| 050 |
_aPL6050 _b.C687 2020 |
||
| 100 | _aLim, Jonna Marie A. | ||
| 245 |
_aA course module for content and pedagogy for the mother tongue _cJonna Marie A. Lim et al |
||
| 260 |
_aManila: _bRex Book Store. _cc2020 |
||
| 300 |
_a146 pp. _c25 cm. _eIncludes index. |
||
| 500 | _aTeaching-mother tongue | ||
| 942 |
_2lcc _cBK |
||
| 999 |
_c364719 _d364719 |
||